000 00442nam a2200181Ia 4500
008 230725s1998 xx 000 0 und d
041 _aeng
082 _a620.8
_bVYS
100 _aVYAS S.P, DIXIT V.K.
245 _aPHARMACEUTICAL BIOTECHNOLOGY
260 _bC.B.S. PUBLISHERS & DISTRUTORS
_c1998
300 _a665
365 _h20
500 _aTEXT BOOK
501 _aPBT
520 _aPB
650 _aPHARMACEUTICAL BIOTECHNOLOGY
999 _c767665
_d767665